00310nam a2200121 a 4500008004100000050001600041100002000057245002200077246002900099260004100128300001000169350000900179120416s1964 ||||||||||||||||| || u aNA 1995 Car aCarter, T. W. O10aLiving dimensions athe work of an architect aReadingbEducational Explorersc1964 a140p. a0.00